Những câu chuyện giáo dục đạo đức
Tập hợp những mẩu chuyện về giáo dục đạo đức
Spremljeno u:
| Format: | Knjiga |
|---|---|
| Jezik: | Undetermined |
| Izdano: |
Hà Nội
Dân trí
2015
|
| Teme: | |
| Oznake: |
Dodaj oznaku
Bez oznaka, Budi prvi tko označuje ovaj zapis!
|
| Thư viện lưu trữ: | Trung tâm Học liệu Trường Đại học Cần Thơ |
|---|
| LEADER | 00707nam a2200217Ia 4500 | ||
|---|---|---|---|
| 001 | CTU_202929 | ||
| 008 | 210402s9999 xx 000 0 und d | ||
| 020 | |c 39000 | ||
| 082 | |a 372.83 | ||
| 082 | |b Nh556 | ||
| 245 | 0 | |a Những câu chuyện giáo dục đạo đức | |
| 245 | 0 | |c Nguyễn Liên Hòa, Tuệ Văn (biên soạn) | |
| 260 | |a Hà Nội | ||
| 260 | |b Dân trí | ||
| 260 | |c 2015 | ||
| 520 | |a Tập hợp những mẩu chuyện về giáo dục đạo đức | ||
| 650 | |a Đạo đức,Ethics | ||
| 650 | |x Dạy và học,Study and teaching | ||
| 904 | |i Nguyên | ||
| 910 | |a Khoa | ||
| 980 | |a Trung tâm Học liệu Trường Đại học Cần Thơ | ||